Khoka / (Record no. 92263)

MARC details
000 -LEADER
fixed length control field 00610nam a22002057a 4500
005 - DATE AND TIME OF LATEST TRANSACTION
control field 20171212161351.0
010 ## - LCCN (DPL NO)
LC control number ENG-121859
020 ## - INTERNATIONAL STANDARD BOOK NUMBER
International Standard Book Number 9788123777221
Terms of availability 65.00
035 ## - SYSTEM CONTROL NUMBER
System control number EN-105391
037 ## - SOURCE OF ACQUISITION
Source of stock number/acquisition DBAD/PUB
082 ## - DEWEY DECIMAL CLASSIFICATION NUMBER
Classification number S
100 ## - MAIN ENTRY--PERSONAL NAME
Personal name Basu, Moupia
245 ## - TITLE STATEMENT
Title Khoka /
Statement of responsibility, etc by Moupia Basu ; Illustrated by Partha Sengupta
260 ## - PUBLICATION, DISTRIBUTION, ETC. (IMPRINT)
Place of publication, distribution, etc New Delhi
Name of publisher, distributor, etc National Book Trust
Date of publication, distribution, etc 2015
270 ## - ADDRESS
Address Nehru Bhawan, 5 Institutional Area, Phase-II, Vasant Kunj,
City New Delhi
Postal code 110070
300 ## - PHYSICAL DESCRIPTION
Extent 156p.
Dimensions 22cm(pbk)
490 ## - SERIES STATEMENT
Series statement Nehru Bal Pustakalaya
700 ## - ADDED ENTRY--PERSONAL NAME
Personal name Sengupta, Partha
942 ## - ADDED ENTRY ELEMENTS (KOHA)
Source of classification or shelving scheme Dewey Decimal Classification
Item type English Books
Classification part S
Call number suffix BAS
Holdings
Withdrawn status Lost status Not for loan Collection code Home library Current library Date acquired Source of acquisition Cost, normal purchase price Full call number Barcode Copy number Cost, replacement price Koha item type
    Not For Loan Non-fiction D.B.Act.Division Bawana 12/12/2017 DBAD/PUB 65.00 S EN-105391 1 65.00 English Books

© Delhi Public Library
Hit Counter
free hit counter